|
|
|
|
| LEADER |
00000nkm a2200000 a 4500 |
| 001 |
vtls001489154 |
| 003 |
SK-MaSNL |
| 005 |
20260331204046.0 |
| 007 |
kf co |
| 008 |
231206s2004 xo r knslo |
| 015 |
|
|
|a SNBG2006/03-00798
|
| 035 |
|
|
|a CE2FE2F9-6DFF-4886-96F5-E47C18DF6DD9
|
| 035 |
|
|
|a urn:nbn:sk:snk-km004btv
|
| 035 |
|
|
|a urn:nbn:sk:snk-kmtglf
|
| 040 |
|
|
|a SNK
|b slo
|c SNK
|e AACR2
|
| 041 |
0 |
|
|a slo
|
| 043 |
|
|
|a e-xo---
|
| 044 |
|
|
|a xo
|c SK
|
| 080 |
|
|
|a 904
|2 1997
|
| 080 |
|
|
|a (084.121)
|2 1997
|
| 080 |
|
|
|a (437.6-25)
|2 1997
|
| 100 |
1 |
|
|a Šramko, Peter
|4 pht
|9 396458
|
| 245 |
1 |
0 |
|a Bratislava-Lamač
|h grafika
|c foto Peter Šramko, Ján Tarábek
|
| 260 |
|
|
|a Nitra
|b FOTAR
|c 2004
|
| 300 |
|
|
|a 1 pohľadnica
|b farebná
|c 15 x 11 cm
|
| 651 |
|
7 |
|a Lamač (Bratislava IV, Slovensko)
|2 SNKPH
|9 16341
|
| 655 |
|
7 |
|a miestne pohľadnice
|2 SNKPH
|9 70510
|
| 852 |
|
|
|a Slovenská národná knižnica
|
| 958 |
|
|
|a GC
|
| 958 |
|
|
|a GBN
|
| 958 |
|
|
|a OND
|
| 999 |
|
|
|c 646549
|d 648479
|
| 952 |
|
|
|a SNK
|b SNK
|y PREZ
|7 0
|p 17A0455749
|o snkSP 151845
|i snk2005/503
|8 0
|0 0
|1 0
|4 0
|d 2005-01-18
|f 1
|l 0
|r 2026-02-23 18:10:04
|w 2026-02-23
|
| 952 |
|
|
|a SNK
|b SNK
|y PREZ
|7 0
|p 17A0455750
|o snkSP 151845 D1
|i snk2005/505
|8 0
|0 0
|1 0
|4 0
|d 2005-01-18
|l 0
|r 2026-02-23 18:10:04
|w 2026-02-23
|